| 000 | 00645nam a2200193Ia 4500 | ||
|---|---|---|---|
| 003 | GCL | ||
| 008 | 140319s9999 xx 000 0 ara d | ||
| 040 |
_aGCL / _cGCL |
||
| 082 | 0 | 4 |
_a822 _bهـ ث |
| 100 | 1 | _aسهير القلماوى | |
| 245 | 1 | 0 |
_a"الثعالب الماكرة ""مسرحية"" (هدية من الاديب عبد الفتاح الجمل)" / _cسهير القلماوى |
| 700 | 1 | _aهيمان, ليليان | |
| 700 | 1 | _aشوقى السكرى | |
| 300 | _a144 ص | ||
| 490 |
_aالالف كتاب _v0 |
||
| 650 | 0 | 4 | _aالادب الانجليزى |
| 650 | 0 | 4 | _aالمسرحيات الانجليزية |
| 942 |
_2ddc _cBK |
||
| 999 |
_c46718 _d46718 |
||